000 00547nam a22001931 4500
001 bimo0000574470
003 OSt
005 20130620172339.0
008 900725s1970 sp spa
040 _aSpMaBN
_bspa
_cBMC
082 _a920 Juan van Halen
100 _aBaroja, Pío
_d1872-1956
_9125
245 1 0 _aJuan van Halen
_b: el oficial aventurero
_cPío Baroja
260 0 _aMadrid
_bEspasa-Calpe
_c1970
300 _a248 p.
_c18 cm
490 0 _aAustral
_v1401
600 _91074
_aVan-Halen, Juan
_d1788-1864
_xBiografías
942 _2ddc
_cBK
999 _c752
_d752